000 006550000a22001810004500
003 MACL
005 20160504124901.0
008 160504b xxu||||| |||| 00| 0 eng d
040 _aMACL
_cMACL
041 _aHindi
082 _a800 SHI
100 _aशिवरूद्रप्‍पा, जी. एस
_955121
245 _aकाव्‍यार्थ चिन्‍तन
_cजी. एस. शिवरूद्रप्‍पा
260 _aनई दिल्‍ली
_bसाहित्‍य अकादेमी
_c2007
350 _a125
650 _aकाव्‍य समीक्षा
_948818
942 _cHIN
_k800/SHI
_2ddc
999 _c48910
_d48910